00666nam a22002057a 4500003000500000005001700005008004100022010001000063011001000073035001000083040000900093100001900102245015600121250001000277260005700287300001800344490004200362650001400404830004200418CHAP20220329134656.0971013s1983 s a r 00010 eng d a24049 a25021 a29121 cCHAP00aIltis, Hugh H.1 aBackground, preliminary results and comentary on nature preservation in Méxicob: teosinte expedition to the sierra de Manantlán, Jalisco, México a2 ed. aMadison, Wisconsin :bUniversity of Wisconsin,c1983 a78 p.b: ilus aThe Wisconsin Herbarium 1 (1)v; 198314aTeosinte.0 aThe Wisconsin Herbarium 1 (1)v; 1983